| 000 | 01307cam a2200349 4500 | ||
|---|---|---|---|
| 008 | 090401t1998 xxu||||| |||| 00| 0 eng d | ||
| 020 | _a1859788289 | ||
| 035 | _a(Sirsi) u84763 | ||
| 041 | _aeng | ||
| 050 | _a346.41032 | ||
| 110 |
_aNeil F. Jones & Co. _92932 |
||
| 245 | _aProfessional negligence in the construction industry | ||
| 260 |
_aLondon _bLLP _c1998 |
||
| 300 | _axxiv,276p. ; 22cm. | ||
| 350 | _a60 | ||
| 520 | _aFocuses on the liabilities of construction professionals, including a chapter on quantity surveyors, and takes into account recent changes in the law concerning dispute resolution. | ||
| 650 | _aMANAGEMENT-DISPUTE AVOIDANCE, MANAGEMENT AND RESOLUTION-DISPUTE MANAGEMENT AND RESOLUTION-ALTERNATIVE DISPUTE RESOLUTION-ADJUDICATION | ||
| 650 | _aARBITRATION ACT 1996 | ||
| 650 | _aBUILT ENVIRONMENT-BUILDING CONTRACT FORMS | ||
| 650 | _aCONSTRUCTION INDUSTRY | ||
| 650 | _aCONSTRUCTION PROFESSIONALS | ||
| 650 | _aHOUSING GRANTS CONSTRUCTION AND REGENERATION ACT 1996 | ||
| 650 | _aPROFESSIONAL LIABILITY | ||
| 650 | _aPROFESSIONAL NEGLIGENCE | ||
| 650 | _aQUANTITY SURVEYORS | ||
| 650 | _aSCHEME FOR CONSTRUCTION CONTRACTS | ||
| 690 | _aBUILT ENVIRONMENT | ||
| 700 | _aBrown, Jeffrey C. | ||
| 700 | _aYule, Ian | ||
| 942 | _n0 | ||
| 948 | _c10/03/1998 | ||
| 999 |
_c96975 _d96975 |
||